| Registos Bibliográficos associados ao registo de autoridade |
|
Etiqueta de registo: 00000nkm 2200025 450 001 2268885 003 http://id.bnportugal.gov.pt/bib/catbnp/2268885 100 ## $a20260219d1988 m y0pory01030103ba 101 0# $apor 102 ## $aPT 200 1# $aLenços & colchas de chita de Alcobaça, exposição, Museu de Alcobaça, 30 de julho
a 30 de outubro 1988$bVisual gráfico]$fInstituto Português do Património Cultural$gDesign José Brandão 210 #9 $a[S.l.]$cInstituto Português do Património Cultural,$d1988$e[S.l] :$gGIR) 215 ## $a1 cartaz$ccolor.$d47,9x33 cm 317 ## $aColeção Madeira Luís 702 #1 $aBrandão,$bJosé$4410$31986213 710 02 $aInstituto Português do Património Cultural$31986214 801 #0 $aPT$bBN$gRPC 966 ## $lBN$mICONOG$sCT. 14609 V.$x3 971 ## $cCaticonografia9$d20260219 972 ## $d20260220$e0$vmferro$z0 995 ## $aPRR2026 $d20260219$iCaticonografia9
Etiqueta de registo: 00000nkm 2200025 450 001 2269632 003 http://id.bnportugal.gov.pt/bib/catbnp/2269632 100 ## $a20260220f19821992m y0pory01030103ba 101 0# $apor 102 ## $aPT 200 1# $aMuseu Nacional dos Coches, Lisboa, Portugal$bVisual gráfico]$fInstituto Português do Património Cultural 210 #9 $aLisboa$cInstituto Português do Património Cultural,$d[entre 1982 e 1992] 215 ## $a1 cartaz$ccolor.$d68x47,5 cm 306 ## $aDatação atribuída em conformidade com as designações institucionais 317 ## $aColeção Madeira Luís 710 02 $aInstituto Português do Património Cultural$31986214 801 #0 $aPT$bBN$gRPC 966 ## $lBN$mICONOG$sCT. 22159 A.$x3 971 ## $cCaticonografia2$d20260220 995 ## $aPRR2026 $d20260220$iCaticonografia2
Etiqueta de registo: 00000nkm 2200025 450 001 2269611 003 http://id.bnportugal.gov.pt/bib/catbnp/2269611 100 ## $a20260220f19801990m y0pory01030103ba 101 0# $apor 102 ## $aPT 200 1# $aMuseu Nacional Soares dos Reis$bVisual gráfico]$fInstituto Português do Património Cultural$gDesign João Machado 210 #9 $a[S.l.]$cInstituto Português do Património Cultural,$d[entre 1980 e 1990,$e[S.l.] :$gInova/Artes Gráficas 215 ## $a1 cartaz$ccolor.$d68x48 cm 306 ## $aDatação atribuída em conformidade com as designações institucionais 317 ## $aColeção Madeira Luís 702 #1 $aMachado,$bJoão,$f1942-$xDesign gráfico$xExposições$x[Catálogos]$4410$31042475 710 02 $aInstituto Português do Património Cultural$31986214 801 #0 $aPT$bBN$gRPC 966 ## $lBN$mICONOG$sCT. 22155 A.$x3 971 ## $cCaticonografia2$d20260220 995 ## $aPRR2026 $d20260220$iCaticonografia2
Etiqueta de registo: 00000nkm 2200025 450 001 2269479 003 http://id.bnportugal.gov.pt/bib/catbnp/2269479 100 ## $a20260220f1989 m y0pory01030103ba 101 0# $apor 102 ## $aPT 200 1# $aPortugal das origens à época romana, Museu Nacional de Arqueologia e Etnologia, Lisboa,
Mosteiro dos Jerónimos [1989]$bVisual gráfico]$fMuseu Nacional de Arqueologia e Etnologia 210 #9 $aLisboa$cMuseu Nacional de Arqueologia e Etnologia,$d[1989] 215 ## $a1 cartaz$ccolor.$d68x47,8cm 306 ## $aDatação em conformidade com a inauguração da exposição anunciada 317 ## $aColeção Madeira Luís 710 02 $aMuseu Nacional de Arqueologia e Etnologia$311801 711 02 $aInstituto Português do Património Cultural$31986214 801 #0 $aPT$bBN$gRPC 966 ## $lBN$mICONOG$sCT. 22148 A.$x3 971 ## $cCaticonografia1$d20260220 995 ## $aPRR2026 $d20260220$iCaticonografia1
Etiqueta de registo: 00000nkm 2200025 450 001 2269398 003 http://id.bnportugal.gov.pt/bib/catbnp/2269398 100 ## $a20260220f1989 m y0pory01030103ba 101 0# $apor 102 ## $aPT 200 1# $aPortugal das origens à época romana, Museu Nacional de Arqueologia e Etnologia, Lisboa,
Mosteiro dos Jerónimos [1989]$bVisual gráfico]$fMuseu Nacional de Arqueologia e Etnologia 210 #9 $aLisboa$cMuseu Nacional de Arqueologia e Etnologia,$d[1989] 215 ## $a1 cartaz$ccolor.$d68x47,8cm 306 ## $aDatação em conformidade com a inauguração da exposição anunciada 317 ## $aColeção Madeira Luís 710 02 $aMuseu Nacional de Arqueologia e Etnologia$311801 711 02 $aInstituto Português do Património Cultural$31986214 801 #0 $aPT$bBN$gRPC 966 ## $lBN$mICONOG$sCT. 22145 A.$x3 971 ## $cCaticonografia1$d20260220 995 ## $aPRR2026 $d20260220$iCaticonografia1
Etiqueta de registo: 00000nkm 2200025 450 001 2270202 003 http://id.bnportugal.gov.pt/bib/catbnp/2270202 100 ## $a20260223f19851994m y0pory01030103ba 101 0# $apor 102 ## $aPT 200 1# $aConimbriga [sic]$bVisual gráfico]$fMuseu Monográfico de Conimbriga$gdesign de Helena Pacheco 210 #9 $aConimbriga$cMuseu Monográfico de Conimbriga,$d[entre 1985 e 1994] 215 ## $a1 cartaz$ccolor.$d70x48 cm 306 ## $aDatação atribuída em conformidade com as características formais do documento 317 ## $aColeção Madeira Luís 702 #1 $aPacheco,$bHelena$4410$31986703 710 01 $aPortugal.$bMuseu Monográfico de Conímbriga$314967 711 02 $aInstituto Português do Património Cultural$4070$31986214 711 02 $aCaixa Geral de Depósitos$4070$33369 711 02 $aBanco Espírito Santo e Comercial de Lisboa$4070$32728 711 01 $aCondeixa-a-Nova.$bCâmara Municipal$4070$3118793 801 #0 $aPT$bBN$gRPC 966 ## $lBN$mICONOG$sCT. 22179 A.$x3 971 ## $cCaticonografia5$d20260223 995 ## $aPRR2026 $d20260223$iCaticonografia5
Etiqueta de registo: 00000nkm 2200025 450 001 2271460 003 http://id.bnportugal.gov.pt/bib/catbnp/2271460 100 ## $a20260224d1984 m y0pory01030103ba 101 0# $apor 102 ## $aPT 200 1# $a Uma técnica, três fios, Museu Nacional do Traje, Museu Nacional Soares dos Reis,
Lisboa, abril-junho 84$bVisual gráfico]$fMinistério da Cultura, Instituto Português do Património Cultural$gdesign Paulo Machado de Castro 210 #9 $aLisboa$cMinistério da Cultura,$d1984$e[Lisboa] :$gTrama. Artes Gráficas ) 215 ## $a1 cartaz$ccolor.$d68x48 cm 317 ## $aColeção Madeira Luís 701 #1 $aCastro,$bPaula Machado de$4410$31987262 710 01 $aPortugal.$bMinistério da Cultura$31303198 711 02 $aInstituto Português do Património Cultural$4557$31986214 801 #0 $aPT$bBN$gRPC 966 ## $lBN$mICONOG$sCT. 22567 A.$x3 971 ## $cCaticonografia5$d20260224 995 ## $aPRR2026 $d20260224$iCaticonografia5
Etiqueta de registo: 00000nkm 2200025 450 001 2271726 003 http://id.bnportugal.gov.pt/bib/catbnp/2271726 100 ## $a20260225d1986 m y0pory01030103ba 101 0# $apor 102 ## $aPT 200 1# $a A Europa na gravura do séc. XVIII, exposição, Palácio Nacional de Mafra, junho-dezembro
1986$bVisual gráfico]$fInstituto Português do Património Cultural, colaboração da Câmara M. Mafra 210 #9 $a[Lisboa]$cInstituto Português do Património Cultural,$d1986$e[Mafra] :$gElo) 215 ## $a1 cartaz$ccolor.$d58x39 cm 317 ## $aColeção Madeira Luís 675 ## $a766(=1:469)"198"(084.5)$vBN$zpor $31302430 710 02 $aInstituto Português do Património Cultural$31986214 711 01 $aMafra.$bCâmara Municipal$4070$38082 801 #0 $aPT$bBN$gRPC 966 ## $lBN$mICONOG$sCT. 22401 A.$x3 971 ## $cCaticonografia5$d20260225 972 ## $d20260302$e1$vfpinelo $z0 995 ## $aPRR2026 $d20260225$iCaticonografia5
Etiqueta de registo: 00000nkm 2200025 450 001 2275642 003 http://id.bnportugal.gov.pt/bib/catbnp/2275642 100 ## $a20260304f1984 m y0pory01030103ba 101 0# $apor 102 ## $aPT 200 1# $aExposição de Carruagens dos Séculos XVIII, XIX e XX, Vila Viçosa$bVisual gráfico]$fInstituto Português do Património Cultural, Fundação da Casa de Bragança 210 #9 $aLisboa$cInstituto Português do Património Cultural,$d[1984?] 215 ## $a1 cartaz$ccolor.$d58x40 cm 306 ## $aDatação em conformidade com o evento anunciado 317 ## $aColeção Madeira Luís 710 02 $aInstituto Português do Património Cultural$31986214 711 02 $aFundação da Casa de Bragança$3128689 801 #0 $aPT$bBN$gRPC 966 ## $lBN$mICONOG$sCT. 24072 A.$x3 971 ## $cCaticonografia3$d20260304 995 ## $aPRR2026
Etiqueta de registo: 00000nkm 2200025 450 001 2275552 003 http://id.bnportugal.gov.pt/bib/catbnp/2275552 100 ## $a20260304d1986 m y0pory01030103ba 101 0# $apor 102 ## $aPT 200 1# $aBrinquedos/Movimento, Virginio Moutinho, Museu Nacional do Traje, fevereiro a agosto
de 1986$bVisual gráfico]$fInstituto Português do Património Cultural, Secretaria de Estado da Cultura$gFotografia Pedro Libório$gDesign de Augusto Eira 210 #9 $aLisboa$cInstituto Português do Património Cultural,$d1986$ePorto:$gMarca-Porto) 215 ## $a1 cartaz$ccolor.$d48,1x47,8 cm 317 ## $aColeção Madeira Luís 702 #1 $aAugusto$bEira$4600$31988814 702 #1 $aPedro$bLibório$4410$31988813 710 02 $aInstituto Português do Património Cultural$31986214 711 01 $aPortugal.$bSecretaria de Estado da Cultura$4070$315309 801 #0 $aPT$bBN$gRPC 966 ## $lBN$mICONOG$sCT. 24064 A.$x3 971 ## $cCaticonografia3$d20260304 995 ## $aPRR2026
Etiqueta de registo: 00000nkm 2200025 450 001 2276797 003 http://id.bnportugal.gov.pt/bib/catbnp/2276797 100 ## $a20260305d1983 m y0pory01030103ba 101 0# $apor 102 ## $aPT 200 1# $a O Traje Poveiro, Museu Nacional do Traje (Lisboa), novembro 83-abril 84$bVisual gráfico]$fMuseu de Etnografia e História da Póvoa do Varzim, Ministério da Cultura, Instituto
Português do Património Cultural$gdesign Arq. Miguel Loureiro 210 #9 $aPóvoa do Varzim$cMuseu de Etnografia e História da Póvoa do Varzim,$d1983$e[S.l.] :$gP.V. Adaptação J&L ) 215 ## $a1 cartaz$ccolor.$d65,5x46,7cm 317 ## $aColeção Madeira Luís 702 #1 $aLoureiro,$bMiguel$4410$31989423 710 02 $aMuseu de Etnografia e História da Póvoa do Varzim$31989425 711 02 $aInstituto Português do Património Cultural$31986214 711 01 $aPortugal.$bMinistério da Cultura$31303198 801 #0 $aPT$bBN$gRPC 966 ## $lBN$mICONOG$sCT. 24137 A.$x3 971 ## $cCaticonografia10$d20260305 995 ## $aPRR2026
Etiqueta de registo: 00000nkm 2200025 450 001 2276547 003 http://id.bnportugal.gov.pt/bib/catbnp/2276547 100 ## $a20260305d1988 m y0pory01030103ba 101 0# $apor 102 ## $aPT 200 1# $a A Linguagem dos Nossos Ourives, exposição, Galeria de Pintura do Rei D. Luís, Palácio
Nacional da Ajuda, julho-outubro 1988$bVisual gráfico]$fSecretaria de Estado da Cultura, Instituto Português do Património Cultural$gDesign: José Brandão 210 #9 $aLisboa$cSecreatria de Estado da Cultura,$d1988$eLisboa :$gImp. A. Coelho Dias, Lda.) 215 ## $a1 cartaz$ccolor.$d68,5x46,7 cm 317 ## $aColeção Madeira Luís 702 #1 $aBrandão,$bJosé,$f1944-2025$4410$316934 710 02 $aCentro de Arte Contemporânea$38002 711 02 $aInstituto Português do Património Cultural$31986214 801 #0 $aPT$bBN$gRPC 966 ## $lBN$mICONOG$sCT. 24091 A.$x3 971 ## $cCaticonografia10$d20260305 995 ## $aPRR2026
Etiqueta de registo: 00000nkm 2200025 450 001 2276544 003 http://id.bnportugal.gov.pt/bib/catbnp/2276544 100 ## $a20260305d1985 m y0pory01030103ba 101 0# $apor 102 ## $aPT 200 1# $aExposição Lenços & colchas de chita de Alcobaça, galeria de pintura do rei D. Luís,
Palácio Nacional da Ajuda, janeiro a março 1989$bVisual gráfico]$fInstituto Português do Património Cultural$gDesign: José Brandão$gB2 Atelier de design 210 #9 $a[Lisboa]$cInstituto Português do Património Cultural,$d1985$e[S.l.] :$gGir) 215 ## $a1 cartaz$ccolor.$d68x48 cm 317 ## $aColeção Madeira Luís 702 #1 $aBrandão,$bJosé,$f1944-2025$4410$316934 710 02 $aInstituto Português do Património Cultural$31986214 712 02 $aAtelier B2$4410$3165926 801 #0 $aPT$bBN$gRPC 966 ## $lBN$mICONOG$sCT. 24105 A.$x3 971 ## $cCaticonografia9$d20260305 995 ## $aPRR2026
Etiqueta de registo: 00000nkm 2200025 450 001 2276375 003 http://id.bnportugal.gov.pt/bib/catbnp/2276375 100 ## $a20260305f19831992m y0pory01030103ba 101 0# $apor 102 ## $aPT 200 1# $aExposição Elementos Orientais em Faiança Portuguesa, Torre de Belém$bVisual gráfico]$fInstituto Português do Património Cultural, Ministério da Cultura 210 #9 $aLisboa$cInstituto Português do Património Cultural,$d[entre 1983 e 1992]$e[S.l.] :$gSoc. Ind. Gráfica) 215 ## $a1 cartaz$ccolor.$d69x49,5 cm 306 ## $aDatação atribuída em conformidade com as designações institucionais 317 ## $aColeção Madeira Luís 710 02 $aInstituto Português do Património Cultural$31986214 711 01 $aPortugal.$bMinistério da Cultura$31303198 801 #0 $aPT$bBN$gRPC 966 ## $lBN$mICONOG$sCT. 24082 A.$x3 971 ## $cCaticonografia10$d20260305 995 ## $aPRR2026
Etiqueta de registo: 00000nkm 2200025 450 001 2279032 003 http://id.bnportugal.gov.pt/bib/catbnp/2279032 100 ## $a20260311d1988 m y0pory01030103ba 101 0# $apor 102 ## $aPT 200 1# $aExposição Torre de Belém "As histórias que a Guitarra conta", dezembro 1987$bVisual gráfico]$fInstituto Português do Património Cultural$gdesign: Robin Fior 210 #9 $aLisboa$cInstituto Português do Património Cultural,$d1988$eOdivelas:$gÓptima Tipográfica) 215 ## $a1 cartaz$ccolor.$d69x48 cm 317 ## $aColeção Madeira Luís 702 #1 $aFior,$bRobin,$f1935-2012$4410$338369 710 02 $aInstituto Português do Património Cultural$31986214 801 #0 $aPT$bBN$gRPC 966 ## $lBN$mICONOG$sCT. 24932 A.$x3 971 ## $cCaticonografia5$d20260311 995 ## $aPRR2026
Etiqueta de registo: 00000nkm 2200025 450 001 2281177 003 http://id.bnportugal.gov.pt/bib/catbnp/2281177 100 ## $a20260317d1992 m y0pory01030103ba 101 0# $apor 102 ## $aPT 200 1# $aAssociação Internacional de Música, Domingos Bomtempo, concerto de verão, pelos alunos
e convidados da professora Helga Marie Knava, Mosteiro dos Jerónimos, 6 de setembro
de 1992$bVisual gráfico]$fAssociação Internacional de Música, Mosteiro dos Jerónimos, Instituto Português do
Património Cultural 210 #9 $a[Lisboa]$cAssociação Internacional de Música,$d1992 215 ## $a1 cartaz$ccolor.$d42x30 cm 317 ## $aColeção Madeira Luís 710 02 $aAssociação Internacional de Música$3913203 711 01 $aPortugal.$bMosteiro dos Jerónimos$364632 711 02 $aInstituto Português do Património Cultural$31986214 801 #0 $aPT$bBN$gRPC 966 ## $lBN$mICONOG$sCT. 16238 V.$x3 971 ## $cCaticonografia6$d20260317 995 ## $aPRR2026
Etiqueta de registo: 00000nkm 2200025 450 001 2281154 003 http://id.bnportugal.gov.pt/bib/catbnp/2281154 100 ## $a20260317d1990 m y0pory01030103ba 101 0# $apor 102 ## $aPT 200 1# $aPalácio Nacional de Queluz, "Música no Palácio", concerto coral, Coro de Câmara de
Lisboa, dirigido pela Prof.ª Teresita Gutierrez Marques, 19 de maio de 1990$bVisual gráfico]$fInstituto Português do Património Cultural 210 #9 $a[Lisboa]$cInstituto Português do Património Cultural,$d1990 215 ## $a1 cartaz$ccolor.$d42x30 cm 317 ## $aColeção Madeira Luís 710 02 $aInstituto Português do Património Cultural$31986214 801 #0 $aPT$bBN$gRPC 966 ## $lBN$mICONOG$sCT. 16235 V.$x3 971 ## $cCaticonografia6$d20260317 995 ## $aPRR2026
Etiqueta de registo: 00000nkm 2200025 450 001 2281132 003 http://id.bnportugal.gov.pt/bib/catbnp/2281132 100 ## $a20260317f198- m y0pory01030103ba 101 0# $apor 102 ## $aPT 200 1# $aPalácio Nacional de Queluz, "Música no Palácio", Brasil Barroco, dia 28 de janeiro$bVisual gráfico]$fInstituto Português do Património Cultural 210 #9 $a[Lisboa]$cInstituto Português do Património Cultural,$d[198-?] 215 ## $a1 cartaz$ccolor.$d42x30 cm 306 ## $aDatação em conformidade com as características formais do documento 317 ## $aColeção Madeira Luís 710 02 $aInstituto Português do Património Cultural$31986214 801 #0 $aPT$bBN$gRPC 966 ## $lBN$mICONOG$sCT. 16232 V.$x3 971 ## $cCaticonografia6$d20260317 995 ## $aPRR2026
Etiqueta de registo: 00000nkm 2200025 450 001 2281549 003 http://id.bnportugal.gov.pt/bib/catbnp/2281549 100 ## $a20260318d1992 m y0pory01030103ba 101 0# $apor 102 ## $aPT 200 1# $aNo rasto dos tesouros reais, guia de exposição, fevereiro - setembro 1992$bVisual gráfico]$fPalácio Nacional da Ajuda, Secretaria de Estado da Cultura e Instituto Português do
Património Cultural$gIlustração Pedro Marcelino$gDesign Luís Líbano Monteiro 210 #9 $a[Lisboa]$cPalácio Nacional da Ajuda,$d1992 215 ## $a1 cartaz$ccolor.$d42x29,5 cm 317 ## $aColeção Madeira Luís 702 #1 $aMarcelino,$bPedro$4440$395096 702 #1 $aLíbano Monteiro,$bLuís$4410$31992329 710 02 $aPalácio Nacional da Ajuda$315213 711 01 $aPortugal.$bSecretaria de Estado da Cultura$4557$315309 711 02 $aInstituto Português do Património Cultural$4557$31986214 801 #0 $aPT$bBN$gRPC 966 ## $lBN$mICONOG$sCT. 16502 V.$x3 971 ## $cCaticonografia5$d20260318 995 ## $aPRR2026
|
|
|